000 01154nam2a22002651 4500
001 RU\NLR\INFOCOMM15\1000120489
005 20260409070247.0
035 _a(NLR Aleph) 002519107
090 _a13295839
_c13295839
100 _a20040416d1990 |||y0rusy50 ca
101 0 _aukr
102 _aUA
105 _ay |||||||||
200 1 _aЄдиним фронтом проти спільного ворога
210 _d1990
_aБ. м.
461 0 _1001RU\NLR\INFOCOMM15\1000120464
_12001#$aВісник Львівського ордена Леніна державного університету ім. Івана Франка$iСерія історична$fМ-во вищої і серед. спец. освіти УРСР. Львівський ордена Леніна держ. ун-т ім. Ів.Франка$vВип.26
606 _aВеликая Отечественная война
_z1941 - 1945
_xГодовщины
_3RU\NLR\AUTH\66187542
_91237240
686 1 _aТ3(2)722,021.2
801 1 _aRU
_bInfoComm
_c20040416
801 0 _aRU
_bNLR
_gPSBO
852 _aNLR
_jП2/207
942 _cISSUE
980 _aRUSPER
980 _aNB